Representaciones y simbología de arrozal en la provincia de Sevilla /

Santa recibe la influencia del naturalismo en diferentes aspectos, aunqie su claro sentido moralizante la aleja del "canon" zoliano. En este trabajo se pone de relieve la importancia del mensaje didáctico-religioso de la novela, así como la valoración de Gamboa sobre la condición de la mujer en la é...

Full description

Bibliographic Details
Main Author: Muñoz Sánchez, Víctor Manuel
Format: Analitica de revista
Language:Spanish
Published: Madrid, España Iberoamericana Editorial 2009
Subjects:

MARC

LEADER 00000cab a2200000 a 4500
001 034342
003 UAHC_CL
005 20170803123731.0
008 091014b2009 sp 000 spa
040 |a UAHC_CL  |c UAHC_CL  |d UAHC_CL 
100 1 |a Muñoz Sánchez, Víctor Manuel 
245 1 0 |a Representaciones y simbología de arrozal en la provincia de Sevilla /  |c Víctor Manuel Muñoz Sánchez.. 
260 |b Iberoamericana Editorial  |a Madrid, España  |c 2009 
300 |a pp. 7-17 
500 |a En: Iberoamericana. América Latina - España - Portugal. Ensayos sobre letras, historia y sociedad. Año IX, no. 35, septiembre 2009. pp. 7-17. ISSN: 1577-3388. 
500 |a En: Iberoamericana. América Latina - España - Portugal. Ensayos sobre letras, historia y sociedad. Año IX, no. 35, septiembre 2009. pp. 7-17. ISSN: 1577-3388. 
520 |a Santa recibe la influencia del naturalismo en diferentes aspectos, aunqie su claro sentido moralizante la aleja del "canon" zoliano. En este trabajo se pone de relieve la importancia del mensaje didáctico-religioso de la novela, así como la valoración de Gamboa sobre la condición de la mujer en la época y la expresión implícita de sus convicciones políticas en el México de Porfirio Díaz. 
520 |a Santa recibe la influencia del naturalismo en diferentes aspectos, aunqie su claro sentido moralizante la aleja del "canon" zoliano. En este trabajo se pone de relieve la importancia del mensaje didáctico-religioso de la novela, así como la valoración de Gamboa sobre la condición de la mujer en la época y la expresión implícita de sus convicciones políticas en el México de Porfirio Díaz. 
650 4 |a RELIGION 
650 4 |a SIGLO 20 
650 4 |a SIGLO 19 
650 4 |a LITERATURA MEXICANA 
650 4 |a MUJER 
650 4 |a SOCIEDAD 
759 |a PP079 
773 0 |t Iberoamericana : América Latina - España - Portugal : Ensayos sobre letras, historia y sociedad. Notas. Reseñas iberoamericanas.  |w 034315 
900 |a IBEROAMERICANA-35/09 
942 |c REVA 
952 |0 0  |1 0  |4 0  |6 IBEROAMERICANA_35_09_000000000000000  |7 0  |8 General  |9 65536  |a BC  |b BC  |c General  |d 2017-08-03  |l 0  |o IBEROAMERICANA-35/09  |p FICTICIO3975  |r 2019-01-08 00:00:00  |t 1  |w 2017-08-03  |y REVA 
999 |c 34342  |d 34342